[Event "4NCL Division 3"]
[Site "Daventry Court ENG"]
[Date "2015.05.04"]
[Round "11.197"]
[White "Pattinson, John"]
[Black "Doran, Chris"]
[Result "1/2-1/2"]
[WhiteElo "1898"]
[BlackElo "2011"]
[PlyCount "40"]
[EventDate "2015.05.04"]
[WhiteTeam "e2e4.org.uk 4"]
[BlackTeam "Holmes Chapel"]

1. c4 Nf6 2. Nc3 g6 3. g3 Bg7 4. Bg2 O-O 5. e3 d6 6. Nge2 e5 7. O-O c6 8. d3 a5
9. Bd2 Be6 10. Rb1 d5 11. cxd5 Nxd5 12. a3 Na6 13. d4 Nb6 14. dxe5 Nc4 15. Bc1
Qb6 16. Nd4 Bxe5 17. Na4 Qd8 18. Nxe6 Qxd1 19. Rxd1 fxe6 20. b3 b5 1/2-1/2

[Event "4NCL Division 3"]
[Site "Daventry Court ENG"]
[Date "2015.05.04"]
[Round "11.198"]
[White "Scattergood, Ben"]
[Black "Towers, Nigel S"]
[Result "1/2-1/2"]
[WhiteElo "2006"]
[BlackElo "1817"]
[PlyCount "120"]
[EventDate "2015.05.04"]
[WhiteTeam "Holmes Chapel"]
[BlackTeam "e2e4.org.uk 4"]

1. e4 c6 2. d4 d5 3. Nc3 dxe4 4. Nxe4 Bf5 5. Ng3 Bg6 6. Nf3 Nd7 7. h4 h6 8. h5
Bh7 9. Bd3 Bxd3 10. Qxd3 e6 11. Bf4 Qa5+ 12. c3 Ngf6 13. Ne5 Be7 14. Ne4 Nxe4
15. Qxe4 Qd5 16. Qd3 Qxg2 17. O-O-O Bg5 18. Qe3 Bxf4 19. Qxf4 Nxe5 20. dxe5 Qg5
21. Qxg5 hxg5 22. Rdg1 f6 23. f4 g4 24. Rxg4 Kf7 25. Rhg1 Rag8 26. Rd1 Rd8 27.
Rdg1 Rdg8 28. Rh4 f5 29. Rh3 Rd8 30. Kc2 b6 31. Rhg3 Rdg8 32. Rh1 Rd8 33. c4 a5
34. Rhg1 Rdg8 35. Rb3 Rb8 36. Rd1 Rb7 37. c5 b5 38. Rh3 Rc7 39. Rd6 Ke7 40. a3
Kf7 41. Kd2 Rh6 42. Ke2 Rh8 43. Kf2 Rh6 44. Kf3 Rh8 45. Kg3 Rh6 46. Kh4 g6 47.
Kg5 Rxh5+ 48. Rxh5 gxh5 49. Kxh5 Ke7 50. Kg6 Rc8 51. Kg7 Rc7 52. Rd2 b4 53.
axb4 axb4 54. Rd4 Rb7 55. b3 Rb5 56. Rc4 Rb7 57. Rc2 Ra7 58. Rc4 Rb7 59. Kg6
Rb8 60. Kg7 Rb7 1/2-1/2

[Event "4NCL Division 3"]
[Site "Daventry Court ENG"]
[Date "2015.05.04"]
[Round "11.199"]
[White "Flynn, David"]
[Black "Pearson, Raymond"]
[Result "1-0"]
[WhiteElo "1848"]
[BlackElo "1898"]
[PlyCount "97"]
[EventDate "2015.05.04"]
[WhiteTeam "e2e4.org.uk 4"]
[BlackTeam "Holmes Chapel"]

1. e4 c5 2. c3 e6 3. d4 d5 4. e5 Nc6 5. Nf3 Qb6 6. a3 c4 7. Nbd2 Na5 8. Be2 Bd7
9. O-O Nh6 10. Qe1 Be7 11. Bd1 Nf5 12. Rb1 Bb5 13. Kh1 g5 14. g4 Ng7 15. Rg1
Qc6 16. Qe3 h6 17. Re1 b6 18. Kg2 O-O-O 19. Nf1 Rdg8 20. Ng3 Qe8 21. Bc2 h5 22.
h3 hxg4 23. hxg4 Nb3 24. Bd2 Nxd2 25. Qxd2 Rh4 26. Nxh4 gxh4 27. Ne2 Nf5 28.
Kh3 Nh6 29. Qxh6 Bg5 30. Qh5 Qf8 31. f4 Be8 32. fxg5 Rh8 33. Qxh8 Qxh8 34. Ng1
Bc6 35. Rf1 Qe8 36. Rf2 Ba4 37. Rbf1 Bxc2 38. Rxc2 Qg8 39. Rcf2 Qxg5 40. Rxf7
Qe3+ 41. R7f3 Qd2 42. R1f2 Qc1 43. Rg2 Qg5 44. Ne2 a5 45. a4 Qd2 46. Rgf2 Qxb2
47. Rf8+ Kb7 48. R2f7+ Kc6 49. Rc8# 1-0

[Event "4NCL Division 3"]
[Site "Daventry Court ENG"]
[Date "2015.05.04"]
[Round "11.200"]
[White "Roberts, Malcolm A"]
[Black "David, Ivan"]
[Result "0-1"]
[WhiteElo "1826"]
[BlackElo "1834"]
[PlyCount "90"]
[EventDate "2015.05.04"]
[WhiteTeam "Holmes Chapel"]
[BlackTeam "e2e4.org.uk 4"]

1. e4 d6 2. d4 Nf6 3. Nc3 e5 4. dxe5 dxe5 5. Qxd8+ Kxd8 6. Nf3 Bd6 7. Bc4 Ke8
8. h3 c6 9. O-O Nbd7 10. a3 b5 11. Ba2 h6 12. Be3 a5 13. Rad1 Bc7 14. b4 Nf8
15. Rfe1 Be6 16. Bxe6 Nxe6 17. Bc1 g5 18. g3 Nd7 19. Bb2 f6 20. Kg2 Nb6 21. Ra1
Nc4 22. Nd1 axb4 23. axb4 Ke7 24. Re2 Bd6 25. Rxa8 Rxa8 26. c3 Ra2 27. Kf1 Bc7
28. Ne1 Bb6 29. Nd3 h5 30. Nc1 Ra8 31. Nd3 Rd8 32. Rc2 Rxd3 33. Ke2 Rd8 34. Bc1
Ra8 35. Kf3 Ra1 36. Ke2 g4 37. hxg4 hxg4 38. f3 gxf3+ 39. Kxf3 Ng5+ 40. Bxg5
Rxd1 41. Bh6 Rd3+ 42. Kg4 Be3 43. Kh5 Bxh6 44. Kxh6 Rxg3 45. Rc1 Nd6 0-1

[Event "4NCL Division 3"]
[Site "Daventry Court ENG"]
[Date "2015.05.04"]
[Round "11.205"]
[White "Compton, Alistair"]
[Black "House, Glenn L"]
[Result "1/2-1/2"]
[WhiteElo "2076"]
[BlackElo "2275"]
[PlyCount "87"]
[EventDate "2015.05.04"]
[WhiteTeam "The Rookies"]
[BlackTeam "Manchester Manticores 1"]

1. e4 c5 2. c3 e6 3. d4 d5 4. exd5 exd5 5. Nf3 Nc6 6. g3 Nf6 7. Bg2 cxd4 8.
Nxd4 Be7 9. O-O O-O 10. Be3 Bg4 11. Nxc6 bxc6 12. Qa4 Qd7 13. Nd2 Rfe8 14. b4
Bd8 15. Qa6 Qc8 16. Qxc8 Bxc8 17. Nb3 Bb6 18. Bd4 Bd7 19. Rfe1 Rxe1+ 20. Rxe1
Re8 21. Kf1 Rxe1+ 22. Kxe1 Kf8 23. Nc5 Bc8 24. a4 Ke8 25. a5 Bxc5 26. Bxc5 a6
27. Bd4 Ke7 28. Bxf6+ Kxf6 29. Kd2 g5 30. Ke3 Ke5 31. f4+ gxf4+ 32. gxf4+ Kd6
33. Kd4 f6 34. Bf1 h6 35. Bd3 Bb7 36. Bf5 Kc7 37. Kc5 Ba8 38. Be6 Bb7 39. c4
dxc4 40. Bxc4 Bc8 41. Bd3 Bb7 42. Bf5 Ba8 43. Be6 Bb7 44. Bf5 1/2-1/2

[Event "4NCL Division 3"]
[Site "Daventry Court ENG"]
[Date "2015.05.04"]
[Round "11.206"]
[White "Newton, Robert"]
[Black "Jones, Christopher M"]
[Result "0-1"]
[WhiteElo "2050"]
[BlackElo "2093"]
[PlyCount "92"]
[EventDate "2015.05.04"]
[WhiteTeam "Manchester Manticores 1"]
[BlackTeam "The Rookies"]

1. d4 d5 2. c4 e5 3. dxe5 d4 4. a3 Nc6 5. Nf3 Nge7 6. Bf4 Ng6 7. Bg3 h5 8. h4
Bg4 9. Nbd2 Qd7 10. b4 O-O-O 11. Qb3 f6 12. exf6 gxf6 13. O-O-O Bh6 14. Kb2
Rhe8 15. b5 Nce5 16. Nxe5 fxe5 17. Ne4 Qg7 18. f3 Bf5 19. Be1 Bxe4 20. fxe4 Nf8
21. g3 Ne6 22. Bh3 Kb8 23. Bxe6 Rxe6 24. Rf1 c6 25. c5 Rf6 26. Rf3 Rdf8 27. Ba5
Rxf3 28. exf3 cxb5 29. Qxb5 Rc8 30. Ka1 Be3 31. Rb1 d3 32. Qxd3 Bd4+ 33. Ka2
Qxg3 34. Be1 Qg2+ 35. Bd2 Rxc5 36. Rb3 Rc1 37. Rb2 Qg8+ 38. Qb3 Qxb3+ 39. Kxb3
Bxb2 40. Kxb2 Rf1 41. Bc3 Rf2+ 42. Kc1 Rxf3 43. Bxe5+ Kc8 44. Bd6 Kd7 45. e5
Rh3 46. Kd2 Rxh4 0-1

[Event "4NCL Division 3"]
[Site "Daventry Court ENG"]
[Date "2015.05.04"]
[Round "11.207"]
[White "Piper, Stephen J"]
[Black "Mulleady, Peter.J"]
[Result "1-0"]
[WhiteElo "2035"]
[BlackElo "2042"]
[PlyCount "77"]
[EventDate "2015.05.04"]
[WhiteTeam "The Rookies"]
[BlackTeam "Manchester Manticores 1"]

1. c4 c5 2. Nc3 g6 3. g3 Bg7 4. Bg2 Nc6 5. e4 d6 6. Nge2 Rb8 7. O-O Nf6 8. d3
O-O 9. f4 Bd7 10. h3 a6 11. Be3 b5 12. Qd2 Ne8 13. Rab1 b4 14. Nd1 Qc8 15. Kh2
f5 16. b3 Nf6 17. Nf2 a5 18. exf5 gxf5 19. d4 cxd4 20. Nxd4 Nxd4 21. Bxd4 Bc6
22. Rbe1 Bxg2 23. Kxg2 Re8 24. Re3 h5 25. Rfe1 Qb7+ 26. Kg1 Rbd8 27. Qb2 Rd7
28. Re6 Kf7 29. Qe2 Rg8 30. Bxf6 Bxf6 31. Qxh5+ Kf8 32. R1e3 d5 33. Qxf5 dxc4
34. bxc4 Qc7 35. c5 Kf7 36. c6 Rd4 37. Ng4 Rd1+ 38. Kg2 Rd2+ 39. Kf3 1-0

[Event "4NCL Division 3"]
[Site "Daventry Court ENG"]
[Date "2015.05.04"]
[Round "11.208"]
[White "Burns, Martin"]
[Black "Gibson, Christopher A"]
[Result "1/2-1/2"]
[WhiteElo "1982"]
[BlackElo "1981"]
[PlyCount "97"]
[EventDate "2015.05.04"]
[WhiteTeam "Manchester Manticores 1"]
[BlackTeam "The Rookies"]

1. e4 c5 2. Nc3 a6 3. g3 b5 4. Bg2 Bb7 5. Nh3 e6 6. O-O Nf6 7. d3 d6 8. f4 Nc6
9. Nf2 Be7 10. a3 d5 11. e5 Nd7 12. Qh5 Nd4 13. Qd1 h5 14. Ne2 Nf5 15. c4 Nb6
16. cxb5 axb5 17. Bd2 Qd7 18. Re1 d4 19. Bxb7 Qxb7 20. Nc1 Rc8 21. Ne4 c4 22.
Bb4 Bxb4 23. axb4 Nd5 24. dxc4 Rxc4 25. Nd3 Nde3 26. Qf3 Ke7 27. Ndc5 Qb8 28.
Ra5 Nc2 29. Rc1 d3 30. Nxd3 Ncd4 31. Qf2 Rhc8 32. Nec5 R8xc5 33. bxc5 Nb3 34.
Rxc4 bxc4 35. Ra3 cxd3 36. c6 d2 37. Ra7+ Kf8 38. Rd7 Nfd4 39. Rxd4 Nxd4 40.
Qxd4 d1=Q+ 41. Qxd1 Qb6+ 42. Kf1 Qb5+ 43. Kg2 Qxc6+ 44. Qf3 Qc2+ 45. Qf2 Qe4+
46. Qf3 Qc2+ 47. Qf2 Qe4+ 48. Qf3 Qc2+ 49. Qf2 1/2-1/2

[Event "4NCL Division 3"]
[Site "Daventry Court ENG"]
[Date "2015.05.04"]
[Round "11.99"]
[White "Jaszkiwskyj, Peter"]
[Black "Coward, Neil"]
[Result "1/2-1/2"]
[WhiteElo "1969"]
[BlackElo "1967"]
[PlyCount "149"]
[EventDate "2015.05.04"]

1. d4 d5 2. Nf3 Nf6 3. c4 c6 4. Nc3 g6 5. e3 Bg4 6. Qb3 Qb6 7. Ne5 Qxb3 8. axb3
Be6 9. Bd3 Bg7 10. c5 O-O 11. b4 Nbd7 12. Nf3 Bg4 13. b5 Bxf3 14. gxf3 e5 15.
bxc6 bxc6 16. Ra6 exd4 17. exd4 Rfe8+ 18. Be3 Nxc5 19. dxc5 d4 20. Kd2 dxe3+
21. fxe3 Nd5 22. Rxc6 Nxe3 23. Ne4 Nd5 24. Bc4 Rad8 25. Nd6 Bh6+ 26. Kc2 Nb4+
27. Kc3 Nxc6 28. Bxf7+ Kf8 29. Bxe8 Rxd6 30. cxd6 Kxe8 31. Kc4 Bf4 32. Kc5 Kd7
33. Rd1 Bxh2 34. b4 Nd8 35. Ra1 Bxd6+ 36. Kd5 Nc6 37. b5 Ne7+ 38. Ke4 Bc5 39.
Ke5 Kc7 40. Ra6 Bb6 41. Kf6 Nf5 42. Ra2 Bd4+ 43. Kg5 Be3+ 44. Kf6 Kb6 45. Rh2
Bh6 46. Ra2 Bf4 47. Ra6+ Kb7 48. Ra4 Ne3 49. Kg7 g5 50. Kxh7 Nd5 51. Kg6 Nc7
52. Kf5 Nxb5 53. Ra1 Kb6 54. Ke4 a5 55. Kd5 Nc3+ 56. Kc4 Ne2 57. Re1 Ng3 58.
Re6+ Kb7 59. Kb5 Nf5 60. Kxa5 Nd4 61. Rg6 Nxf3 62. Kb4 Kc7 63. Kc5 Kd7 64. Kd5
Ke7 65. Ke4 Nh4 66. Ra6 Kf7 67. Rb6 Kg7 68. Ra6 Ng6 69. Rb6 Nh4 70. Ra6 Ng2 71.
Kf5 Ne3+ 72. Ke4 Nc4 73. Kf5 Nd6+ 74. Rxd6 Bxd6 75. Kxg5 1/2-1/2

[Event "4NCL Division 3"]
[Site "Daventry Court ENG"]
[Date "2015.05.04"]
[Round "11.99"]
[White "Whitehead, Mark.A"]
[Black "Ressel, Eva"]
[Result "1-0"]
[WhiteElo "2005"]
[BlackElo "1727"]
[PlyCount "97"]
[EventDate "2015.05.04"]

1. e4 e5 2. Nf3 Nc6 3. Bb5 a6 4. Ba4 Nf6 5. O-O d6 6. Re1 b5 7. Bb3 Na5 8. d3
c5 9. c3 Nxb3 10. Qxb3 Be6 11. Qc2 Qc7 12. Nbd2 Be7 13. Nf1 Nd7 14. Ng5 Bxg5
15. Bxg5 d5 16. Ne3 Nb6 17. b3 f6 18. Bh4 Qf7 19. Rac1 c4 20. exd5 Bxd5 21.
bxc4 bxc4 22. Nxd5 Qxd5 23. d4 O-O 24. dxe5 fxe5 25. Qe4 Qxe4 26. Rxe4 Rf4 27.
Rce1 Na4 28. Bg3 Rxe4 29. Rxe4 Nxc3 30. Rxc4 Nxa2 31. Bxe5 a5 32. Rc7 Re8 33.
f4 a4 34. Rxg7+ Kf8 35. Rxh7 Nc1 36. Ra7 Nd3 37. Rxa4 Nxe5 38. fxe5 Rxe5 39.
Rg4 Kf7 40. h4 Kf6 41. Rf4+ Kg6 42. g4 Re1+ 43. Kg2 Re5 44. Rc4 Kh6 45. Rc6+
Kh7 46. Kf3 Re7 47. g5 Rg7 48. Kg4 Kh8 49. h5 1-0

[Event "4NCL Division 3"]
[Site "Daventry Court ENG"]
[Date "2015.05.04"]
[Round "11.99"]
[White "Hackner, Oskar A"]
[Black "Lonsdale, Jon.I"]
[Result "1-0"]
[WhiteElo "2175"]
[BlackElo "1840"]
[PlyCount "81"]
[EventDate "2015.05.04"]

1. d4 Nf6 2. c4 c5 3. d5 b5 4. cxb5 a6 5. f3 d6 6. e4 g6 7. a4 Bg7 8. Na3 O-O
9. Ne2 axb5 10. Nxb5 Na6 11. Nec3 Nc7 12. Be2 Nxb5 13. Bxb5 Bd7 14. O-O Bxb5
15. Nxb5 Ne8 16. Qc2 Nc7 17. Na3 e6 18. Rd1 exd5 19. exd5 Bd4+ 20. Rxd4 cxd4
21. Qc4 Na6 22. Nb5 Qb6 23. Qxd4 Qxd4+ 24. Nxd4 Nb4 25. Bf4 Nd3 26. Bxd6 Rfd8
27. Ba3 Rxa4 28. Nc6 Rd7 29. Rd1 Nf4 30. g3 Ne2+ 31. Kf2 Nc3 32. bxc3 Rxa3 33.
c4 Rc3 34. Ne5 Rd6 35. Rd4 f6 36. Nd3 Rxc4 37. Rxc4 Rxd5 38. Ke3 Rd7 39. Nf4 f5
40. Nd3 Re7+ 41. Kf4 1-0

[Event "4NCL Division 3"]
[Site "Daventry Court ENG"]
[Date "2015.05.04"]
[Round "11.99"]
[White "Pardoe, David"]
[Black "Jennings, Roger"]
[Result "1/2-1/2"]
[WhiteElo "1765"]
[BlackElo "2107"]
[PlyCount "57"]
[EventDate "2015.05.04"]

1. d4 g6 2. c4 Bg7 3. e4 d6 4. Nc3 Nf6 5. Be3 O-O 6. Be2 e5 7. d5 Nbd7 8. g4
Nc5 9. f3 Bd7 10. h4 h5 11. g5 Nh7 12. Qd2 a6 13. Nh3 Qe8 14. b4 Na4 15. Nxa4
Bxa4 16. c5 Qd7 17. Rc1 Rfe8 18. Kf2 Bf8 19. Kg2 Bb5 20. Bd1 dxc5 21. bxc5 a5
22. Qc3 Be7 23. Bb3 a4 24. Bc4 Bxc4 25. Qxc4 a3 26. Rb1 Reb8 27. Rhc1 Qa4 28.
Rb3 Nf8 29. Nf2 1/2-1/2

[Event "4NCL Division 3"]
[Site "Daventry Court ENG"]
[Date "2015.05.04"]
[Round "11.217"]
[White "Williams, Winston"]
[Black "Livesey, Nigel.R"]
[Result "1-0"]
[WhiteElo "2165"]
[BlackElo "1825"]
[PlyCount "95"]
[EventDate "2015.05.04"]
[WhiteTeam "Bradford DCA Knights A"]
[BlackTeam "Manchester Manticores 3"]

1. c3 d5 2. f4 Nf6 3. Nf3 c5 4. g3 g6 5. Bg2 Bg7 6. O-O O-O 7. d3 Nc6 8. Na3
Rb8 9. Qa4 a6 10. e4 b5 11. Qc2 dxe4 12. dxe4 e5 13. Be3 c4 14. Rad1 Qc7 15.
Bc5 Rd8 16. Rxd8+ Nxd8 17. Be3 Ng4 18. Bc1 Qc5+ 19. Kh1 Nc6 20. h3 Ne3 21. Qf2
exf4 22. gxf4 Qh5 23. Bxe3 Bxh3 24. Qh4 Bxg2+ 25. Kxg2 Qxh4 26. Nxh4 Re8 27.
Kf3 Rd8 28. Ng2 h5 29. Rc1 Bf8 30. Nc2 Bg7 31. Re1 b4 32. Nxb4 Nxb4 33. cxb4
Bxb2 34. Rb1 c3 35. Ne1 Rb8 36. Nc2 Rd8 37. a4 f6 38. b5 axb5 39. axb5 Kf7 40.
b6 Rd7 41. Ke2 Ke8 42. Bd4 f5 43. exf5 gxf5 44. Rh1 Kf7 45. Rxh5 Ke6 46. Kd3
Bc1 47. Rh6+ Kd5 48. Nb4# 1-0

[Event "4NCL Division 3"]
[Site "Daventry Court ENG"]
[Date "2015.05.04"]
[Round "11.99"]
[White "Stephens, Ian Paul"]
[Black "Drabble, Andrew"]
[Result "0-1"]
[WhiteElo "1727"]
[BlackElo "2049"]
[PlyCount "114"]
[EventDate "2015.05.04"]

1. e4 e6 2. d4 d5 3. Nd2 dxe4 4. Nxe4 Nd7 5. Nf3 Ngf6 6. Bd3 c5 7. c3 Qc7 8. h3
Nxe4 9. Bxe4 Bd6 10. Qe2 a6 11. O-O Nf6 12. Bc2 Bd7 13. Re1 Bc6 14. Be3 cxd4
15. Bxd4 Bb5 16. Bd3 Bxd3 17. Qxd3 Rd8 18. Qe2 Be7 19. Rad1 O-O 20. Be5 Qc5 21.
Rxd8 Rxd8 22. Rd1 Rd5 23. Bd4 Qa5 24. b4 Qd8 25. Rd2 b5 26. Qe3 Nd7 27. Re2 Bf6
28. Bxf6 Nxf6 29. Rd2 Qe7 30. g3 h6 31. Rxd5 Nxd5 32. Qc5 Qxc5 33. bxc5 Kf8 34.
Ne5 Ke8 35. c4 bxc4 36. Nxc4 f6 37. Nd2 Kd7 38. Nb3 e5 39. Kf1 Nc3 40. a3 Kc6
41. f4 Ne4 42. fxe5 fxe5 43. Ke2 Nxc5 44. Nd2 Kd5 45. Ke3 Nd7 46. Nf3 Nb6 47.
Nh4 Nc4+ 48. Ke2 Ke4 49. g4 Nxa3 50. Nf5 Nb5 51. Nxg7 a5 52. Nf5 Nd4+ 53. Nxd4
Kxd4 54. h4 Ke4 55. g5 hxg5 56. h5 Kf5 57. Kf3 a4 0-1

[Event "4NCL Division 3"]
[Site "Daventry Court ENG"]
[Date "2015.05.04"]
[Round "11.219"]
[White "Nicholson, Jim WR"]
[Black "Pollard, Mathew.B"]
[Result "1/2-1/2"]
[WhiteElo "2020"]
[BlackElo "1765"]
[PlyCount "98"]
[EventDate "2015.05.04"]
[WhiteTeam "Bradford DCA Knights A"]
[BlackTeam "Manchester Manticores 3"]

1. d4 e6 2. Nf3 f5 3. e3 Nf6 4. c4 b6 5. Nc3 Bb7 6. Be2 Bb4 7. O-O O-O 8. Qc2
Bxc3 9. Qxc3 d6 10. b4 Ne4 11. Qc2 Nd7 12. a4 a5 13. b5 g5 14. Nd2 Qe8 15. Nxe4
Bxe4 16. Bd3 Nf6 17. Bxe4 Nxe4 18. f3 Nf6 19. d5 Qg6 20. dxe6 Rae8 21. Bb2 Rxe6
22. Bd4 Nd7 23. Rad1 h5 24. Rd2 h4 25. Rdf2 Kh7 26. g3 f4 27. Qxg6+ Rxg6 28.
Re2 Re8 29. Rfe1 fxg3 30. hxg3 Ne5 31. Bxe5 Rxe5 32. Rd1 hxg3 33. Kg2 Rge6 34.
Rd3 Rc5 35. Rd4 Rf6 36. Kxg3 Rcf5 37. Rf2 Re5 38. e4 Rf4 39. Rd5 Rxd5 40. cxd5
Kg6 41. Rh2 Rf7 42. Rh8 Kg7 43. Re8 Kg6 44. Re6+ Kh5 45. Re8 Kg6 46. Rg8+ Kh5
47. Rh8+ Kg6 48. Rg8+ Kh5 49. Rh8+ Kg6 1/2-1/2

[Event "4NCL Division 3"]
[Site "Daventry Court ENG"]
[Date "2015.05.04"]
[Round "11.220"]
[White "Jerzynek, Neil"]
[Black "Bak, Andrew"]
[Result "0-1"]
[WhiteElo "1652"]
[BlackElo "2050"]
[PlyCount "54"]
[EventDate "2015.05.04"]
[WhiteTeam "Manchester Manticores 3"]
[BlackTeam "Bradford DCA Knights A"]

1. e4 c5 2. Nf3 Nc6 3. d4 cxd4 4. Nxd4 Nf6 5. Nc3 e5 6. Ndb5 d6 7. Bg5 a6 8.
Na3 b5 9. Nd5 Be7 10. Bxf6 Bxf6 11. c3 O-O 12. Nc2 Bg5 13. Nce3 Be6 14. a4 bxa4
15. Rxa4 a5 16. Be2 Bxe3 17. Nxe3 Ne7 18. Bg4 Bxg4 19. Qxg4 d5 20. Nf5 Nxf5 21.
Qxf5 Qe8 22. Ra1 Qb5 23. Qxe5 Rfe8 24. c4 Qxc4 25. Qc3 Rxe4+ 26. Kd1 Qe2+ 27.
Kc1 Rc4 0-1

[Event "4NCL Division 3"]
[Site "Daventry Court ENG"]
[Date "2015.05.04"]
[Round "11.225"]
[White "White, Mark W"]
[Black "Davies, Matthew"]
[Result "1/2-1/2"]
[WhiteElo "2080"]
[BlackElo "1950"]
[PlyCount "103"]
[EventDate "2015.05.04"]
[WhiteTeam "Jorvik"]
[BlackTeam "West is Best 2"]

1. e4 e6 2. d4 d5 3. Bd3 Nf6 4. e5 Nfd7 5. c3 c5 6. Ne2 Nc6 7. Nd2 Qb6 8. Nf3
Be7 9. O-O Nf8 10. a3 Bd7 11. b4 c4 12. Bb1 f6 13. exf6 gxf6 14. Bh6 O-O-O 15.
Re1 Ng6 16. Nf4 Nxf4 17. Bxf4 Rde8 18. Qe2 Nd8 19. a4 Bd6 20. a5 Qc7 21. Bxd6
Qxd6 22. Nd2 Qf4 23. a6 b5 24. Qe3 Qxe3 25. fxe3 f5 26. Rf1 Kc7 27. Bc2 Re7 28.
Nf3 Rg7 29. Ne5 Nc6 30. Nxc6 Kxc6 31. Kf2 Rhg8 32. g3 Kb6 33. Kf3 h5 34. Rg1 h4
35. Kf2 hxg3+ 36. Rxg3 Rxg3 37. hxg3 Rh8 38. Kg2 Bc8 39. Bd1 Bxa6 40. g4 Rg8
41. Kh3 fxg4+ 42. Bxg4 Bc8 43. Rf1 a5 44. bxa5+ Kxa5 45. Ra1+ Kb6 46. Ra8 Rh8+
47. Kg3 Kb7 48. Ra1 Rg8 49. Kf3 Rf8+ 50. Kg3 Bd7 51. Rh1 Kc7 52. Ra1 1/2-1/2

[Event "4NCL Division 3"]
[Site "Daventry Court ENG"]
[Date "2015.05.04"]
[Round "11.226"]
[White "Dydak, Mat"]
[Black "Mounce, Richard B"]
[Result "1-0"]
[WhiteElo "1874"]
[BlackElo "2019"]
[PlyCount "79"]
[EventDate "2015.05.04"]
[WhiteTeam "West is Best 2"]
[BlackTeam "Jorvik"]

1. f4 e5 2. fxe5 d6 3. exd6 Bxd6 4. Nf3 g5 5. g3 g4 6. Nh4 Ne7 7. d4 Ng6 8. Ng2
h5 9. Qd3 Nc6 10. c3 Qe7 11. Kd1 h4 12. Rg1 Bd7 13. e4 O-O-O 14. Nf4 hxg3 15.
hxg3 Nxf4 16. gxf4 Qh4 17. Be3 g3 18. Nd2 Bg4+ 19. Kc2 a6 20. Bg2 Qh5 21. Rae1
f6 22. Nf1 f5 23. Nxg3 fxe4 24. Bxe4 Qa5 25. Bf5+ Bxf5 26. Qxf5+ Qxf5+ 27. Nxf5
Rh2+ 28. Kb1 Rdh8 29. Nxd6+ cxd6 30. Rg5 R8h3 31. d5 Na5 32. Rg8+ Kd7 33. Bb6
Rxb2+ 34. Kxb2 Nc4+ 35. Kb3 Nxb6 36. Rg7+ Kd8 37. Re6 Nc8 38. Rxb7 Rf3 39. Rf6
Rf1 40. Rf8# 1-0

[Event "4NCL Division 3"]
[Site "Daventry Court ENG"]
[Date "2015.05.04"]
[Round "11.227"]
[White "Cowan, Richard M"]
[Black "Staniforth, Matthew"]
[Result "0-1"]
[WhiteElo "2027"]
[BlackElo "1881"]
[PlyCount "80"]
[EventDate "2015.05.04"]
[WhiteTeam "Jorvik"]
[BlackTeam "West is Best 2"]

1. Nf3 Nf6 2. c4 e6 3. b3 a6 4. e3 d5 5. Bb2 Be7 6. g3 O-O 7. Bg2 b5 8. O-O Bb7
9. Ne5 Nbd7 10. f4 c5 11. Na3 Qb6 12. Qe2 bxc4 13. Rab1 cxb3 14. Ba1 c4 15. Bd4
Qc7 16. axb3 Bxa3 17. bxc4 Rab8 18. Ba7 Rbc8 19. d4 Ba8 20. Qa2 Qxa7 21. Qxa3
dxc4 22. Bxa8 Qxa8 23. Qe7 Qd5 24. Ra1 Nxe5 25. fxe5 Ng4 26. Qg5 Qe4 27. Rae1
h6 28. Qf4 Qxf4 29. Rxf4 h5 30. h3 Nh6 31. e4 f5 32. Kg2 Rfd8 33. exf5 Nxf5 34.
g4 hxg4 35. hxg4 Rxd4 36. Rxd4 Nxd4 37. Kf2 Rf8+ 38. Kg3 c3 39. g5 c2 40. Kg4
Ne2 0-1

[Event "4NCL Division 3"]
[Site "Daventry Court ENG"]
[Date "2015.05.04"]
[Round "11.228"]
[White "Parry, Matthew"]
[Black "Flint, Martina"]
[Result "0-1"]
[WhiteElo "1835"]
[BlackElo "1840"]
[PlyCount "88"]
[EventDate "2015.05.04"]
[WhiteTeam "West is Best 2"]
[BlackTeam "Jorvik"]

1. d4 d6 2. Nf3 g6 3. c3 Bg7 4. e4 c6 5. Bd3 Qc7 6. O-O e5 7. Be3 Bg4 8. Qd2
Bxf3 9. gxf3 Qe7 10. f4 Qh4 11. f3 Nd7 12. fxe5 dxe5 13. Qg2 Qe7 14. f4 Bh6 15.
Nd2 exf4 16. Bxf4 Bxf4 17. Rxf4 O-O-O 18. Raf1 f5 19. e5 Nh6 20. b4 Nb6 21. Nc4
Nd5 22. Nd6+ Rxd6 23. Bxf5+ gxf5 24. exd6 Qe3+ 25. Qf2 Qxf4 26. Qxf4 Nxf4 27.
Rxf4 Rg8+ 28. Kf1 Rg6 29. Ke2 Kd7 30. Kf3 Kxd6 31. Ke3 Ng4+ 32. Kd3 Ke6 33. Rf3
h6 34. h3 Nf6 35. a4 Ne4 36. c4 Rg3 37. Rxg3 Nxg3 38. Ke3 Nh5 39. Kf3 b6 40. b5
cxb5 41. axb5 Nf6 42. Kf4 Ne4 43. Ke3 Nd6 44. Kd3 f4 0-1

[Event "4NCL Division 3"]
[Site "Daventry Court ENG"]
[Date "2015.05.04"]
[Round "11.229"]
[White "Andrews, Norman G"]
[Black "Griffiths, Hywel"]
[Result "0-1"]
[WhiteElo "1780"]
[BlackElo "1802"]
[PlyCount "27"]
[EventDate "2015.05.04"]
[WhiteTeam "Jorvik"]
[BlackTeam "West is Best 2"]

1. e4 c5 2. Nf3 g6 3. d4 cxd4 4. Nxd4 Bg7 5. Nc3 Nc6 6. Be3 Nf6 7. Bc4 O-O 8.
O-O d6 9. f3 Qb6 10. Re1 Nxe4 11. Nxc6 Qxc6 12. Bd5 Nxc3 13. Bxc6 Nxd1 14. Bxb7
0-1

[Event "4NCL Division 3"]
[Site "Daventry Court ENG"]
[Date "2015.05.04"]
[Round "11.230"]
[White "Smith, Steve"]
[Black "Pearce, Neville R"]
[Result "1-0"]
[WhiteElo "1751"]
[BlackElo "1742"]
[PlyCount "41"]
[EventDate "2015.05.04"]
[WhiteTeam "West is Best 2"]
[BlackTeam "Jorvik"]

1. e4 c5 2. c3 d5 3. exd5 Qxd5 4. d4 cxd4 5. cxd4 Nc6 6. Nf3 e6 7. Nc3 Bb4 8.
Bd3 Nf6 9. O-O Qd8 10. Re1 O-O 11. Bg5 Be7 12. Rc1 Bd7 13. a3 a6 14. Bb1 Nd5
15. Qd3 f5 16. Bxe7 Ndxe7 17. Ba2 Rf6 18. Ng5 Qc8 19. d5 exd5 20. Nxd5 Nxd5 21.
Qxd5+ 1-0

[Event "4NCL Division 3"]
[Site "Daventry Court ENG"]
[Date "2015.05.04"]
[Round "11.236"]
[White "Gardiner, Eric"]
[Black "Chin, Francis CW"]
[Result "1/2-1/2"]
[WhiteElo "1949"]
[BlackElo "2080"]
[PlyCount "48"]
[EventDate "2015.05.04"]
[WhiteTeam "Bradford DCA Knights B"]
[BlackTeam "Hackney 2"]

1. d4 d5 2. c4 e6 3. cxd5 exd5 4. Nc3 c6 5. Qc2 Nf6 6. Bg5 Be7 7. e3 Nbd7 8.
Bd3 O-O 9. Nge2 Re8 10. O-O Nf8 11. f3 Nh5 12. Bxe7 Qxe7 13. e4 dxe4 14. fxe4
Be6 15. Rae1 Rad8 16. e5 Qh4 17. Ne4 Bg4 18. g3 Qe7 19. Nd6 Rxd6 20. exd6 Qxd6
21. Qc5 Qh6 22. Qc1 Qd6 23. Qc5 Qh6 24. Qc1 Qd6 1/2-1/2

[Event "4NCL Division 3"]
[Site "Daventry Court ENG"]
[Date "2015.05.04"]
[Round "11.237"]
[White "Conway, Paul Bernard"]
[Black "Somerset, William"]
[Result "1-0"]
[WhiteElo "1892"]
[BlackElo "1915"]
[PlyCount "53"]
[EventDate "2015.05.04"]
[WhiteTeam "Hackney 2"]
[BlackTeam "Bradford DCA Knights B"]

1. e4 c5 2. Nc3 Nc6 3. f4 g6 4. Nf3 Bg7 5. Bc4 e6 6. O-O Nge7 7. a3 d5 8. Ba2
dxe4 9. Nxe4 b6 10. d3 O-O 11. Rb1 Nd5 12. Qe1 Nd4 13. Qf2 Nxf3+ 14. Qxf3 Bd7
15. Bd2 Bc6 16. Qh3 Qd7 17. Qh4 Qe7 18. Qh3 Rad8 19. Ng5 h6 20. Nf3 Qc7 21. f5
exf5 22. Bxh6 Nf4 23. Qh4 Rd4 24. Nxd4 Bxd4+ 25. Rf2 Nxg2 26. Qg5 Be3 27. Qxg6+
1-0

[Event "4NCL Division 3"]
[Site "Daventry Court ENG"]
[Date "2015.05.04"]
[Round "11.238"]
[White "Slinger, AJ (Tony)"]
[Black "Booth, Richard"]
[Result "1/2-1/2"]
[WhiteElo "1930"]
[BlackElo "1712"]
[PlyCount "63"]
[EventDate "2015.05.04"]
[WhiteTeam "Bradford DCA Knights B"]
[BlackTeam "Hackney 2"]

1. c4 e6 2. Nf3 Nf6 3. g3 b6 4. Bg2 Bb7 5. O-O c5 6. d3 d5 7. b3 Nc6 8. Bb2 Bd6
9. e4 d4 10. Na3 e5 11. Nc2 Qc7 12. Qe2 O-O 13. Bc1 Nd7 14. Nh4 Ne7 15. Bd2 f5
16. exf5 Bxg2 17. Kxg2 Nxf5 18. Nxf5 Rxf5 19. f3 Rf7 20. a4 a5 21. Na3 Raf8 22.
Nb5 Qc6 23. Qe4 Qxe4 24. fxe4 Bb8 25. Rxf7 Rxf7 26. Rf1 Rxf1 27. Kxf1 Kf7 28.
Kf2 h6 29. Kf3 Kf6 30. h4 Kg6 31. g4 Kh7 32. Kg3 1/2-1/2